|
|
|
|
| LEADER |
00000nab a2200000 a 4500 |
| 001 |
vtls001001100 |
| 003 |
SK-MaSNL |
| 005 |
20260305033826.0 |
| 008 |
040720e19960213xo 0 slo |
| 035 |
|
|
|a RV1700
|
| 040 |
|
|
|a RVGKPD
|b slo
|c RVGKPD
|e AACR2
|
| 041 |
0 |
|
|a slo
|
| 044 |
|
|
|a xo
|c SK
|
| 080 |
|
|
|a 35.07
|2 1981
|
| 080 |
|
|
|a 352
|2 1981
|
| 100 |
0 |
|
|a -Jkč-
|4 aut
|9 1024480
|
| 245 |
1 |
0 |
|a K projektu budúceho okresu Rožňava
|b Náš rozhovor s prednostom Okresného úradu v Rožňave Ing. Ladislavom Ocelníkom
|
| 300 |
|
|
|b 1 foto
|
| 650 |
0 |
7 |
|a členenie územné
|2 RVGKPD
|9 884019
|
| 651 |
|
7 |
|a Rožňava (Slovensko : okres)
|2 RVGKPD
|9 19215
|
| 655 |
|
7 |
|a periodikum
|2 snkbucl
|9 29553
|
| 700 |
1 |
0 |
|a Ocelník, Ladislav
|4 aut
|9 1025321
|
| 773 |
0 |
8 |
|t Zora Gemera
|g Roč. 45, č.7, 13.2.1996, s. 1,2
|
| 852 |
|
|
|a ZVYKNI
|b KIS3GCP
|
| 999 |
|
|
|c 3326266
|d 3328196
|